| 000 | 00467nam a2200157Ia 4500 | ||
|---|---|---|---|
| 008 | 210707s1958 xx 000 0 und d | ||
| 041 | _aeng | ||
| 082 | _a631.4 WILF | ||
| 100 | _aWILDE (S A) | ||
| 245 | _aForest soils: their properties and relation to silviculture. | ||
| 260 |
_aNew York. _bThe Ronald Press Co., _c1958 |
||
| 300 | _aix,537 p | ||
| 563 | _aHB | ||
| 650 | _aSoil Science | ||
| 906 | _aand Forest properties relation silviculture. soils: their to | ||
| 999 |
_c180254 _d180254 |
||